O homem (Record no. 182569)

MARC details
000 -LÍDER
campo de controle de tamanho fixo 00287 a2200145 4500
001 - NÚMERO DE CONTROLE
campo de controle 182569
020 ## - ISBN - INTERNATIONAL STANDARD BOOK NUMBER
ISBN - International Standard Book Number 85-7041369-6
040 ## - FONTE DA CATALOGAÇÃO
Instituição que transcreveu o registro Magnum
100 ## - ENTRADA PRINCIPAL--NOME PESSOAL
Nome pessoal Azevedo, Aluísio
240 10 - TÍTULO UNIFORME
Título uniforme O homem
Idioma da obra por
245 10 - TÍTULO
Título O homem
300 ## - DESCRIÇÃO FÍSICA
Extensão 219
697 ## - ENTRADA DE ASSUNTO LOCAL--ENTIDADE COLETIVA (RLIN)
Nome corporativo ou nome da jurisdição LITERATURA GERAL
942 ## - ELEMENTOS DE ENTRADA ADICIONADOS (KOHA)
Tipo de material Koha Livros
Holdings
Situação do descarte Situação das perdas Situação física Não pode ser emprestado Biblioteca de origem Biblioteca atual Data de aquisição Total de empréstimos Número de chamada completo Código de barras Data de último acesso Data do preço efetivo Tipo de material Koha
        Magnum Magnum 08/06/2024   869.4.121 MAG00034786 08/06/2024 08/06/2024 Livros
        Magnum Magnum 08/06/2024   869.4.121 MAG00034787 08/06/2024 08/06/2024 Livros
        Magnum Magnum 08/06/2024   869.4.121 MAG00034788 08/06/2024 08/06/2024 Livros
        Magnum Magnum 08/06/2024   869.4.121 MAG00034789 08/06/2024 08/06/2024 Livros
        Magnum Magnum 08/06/2024   869.4.121 MAG00034790 08/06/2024 08/06/2024 Livros